Statistics for Premier League Transfers 2022-23 (Winter)

Click here to take the quiz!

General Stats

  • This quiz has been taken 17 times
  • The average score is 17 of 57

Answer Stats

PlayerNationalityFromToFee% Correct
Cody GakpoDutchPSV (Netherlands)Liverpool€35.4m
100%
David Datro FofanaIvorianMolde (Norway)Chelsea€9m
87%
Mykhailo MudrykUkranianShakhtar Donetsk (Ukraine)Chelsea€89m
87%
Benoit BadiashileFrenchMonaco (France)Chelsea€35m
80%
Jakub KiwiorPolishSpezia Calcio (Italy)Arsenal€17.6m
67%
Leandro TrossardBelgianBrighton & Hove AlbionArsenal€21m
67%
Mario LeminaGaboneseNice (France)Wolverhampton Wanderers€9.7m
67%
Pablo SarabiaSpanishParis Saint Germain (France)Wolverhampton Wanderers€4.4m
67%
Alex MorenoSpanishReal Betis (Spain)Aston Villa€13.2m
60%
Anthony GordonEnglishEvertonNewcastle United€45m
60%
Enzo FernándezArgetinianBenfica (Portugal)Chelsea€107m
60%
JorginhoItalianChelseaArsenal€12m
60%
Noni MaduekeEnglishP.S.V (Netherlands)Chelsea€30m
60%
Danny IngsEnglishAston VillaWest Ham United€15m
53%
Maio GustoFrenchLyon (France)Chelsea€30.7m
53%
Craig DawsonEnglishWest Ham UnitedWolverhampton Wanderers€3.3m
47%
Georginio RutterFrenchHoffenheim (Germany)Leeds United€36m
47%
Matt DohertyIrishTottenham HotspursAtletico Madrid (Spain)Free
47%
Andrey SantosBrazilianVasco da Gama (Brazil)Chelsea€18m
40%
Dango OuattaraBurkinabéLorient (France)A.F.C Bournemouth€20m
40%
DaniloBrazilianPalmeiras (Brazil)Nottingham Forest€16m
40%
FelipeBrazilianAtletico Madrid (Spain)Nottingham Forest€2.3m
40%
Jhon DuránColombianChicago Fire (U.S.A)Aston Villa€18m
40%
Maximilian WoberAustrianRed Bull Salzburg (Austrian)Leeds United€12m
40%
Sasa LukicSerbianTorino (Italy)Fulham€9.8m
40%
Carlos AlcarazArgentinianRacing Club (Argentina)Southampton€12m
33%
Máximo PerroneArgentinianVélez Sarsfield (Argentina)Manchester City€8m
33%
Victor KristiansenDanishCopenhagen (Denmark)Leicester City€17m
33%
Harry SouttarAustralianStoke CityLeicester City€15m
27%
Antoine SemenyoGhanaBristol CityA.F.C Bournemouth€10m
20%
Illya ZabarnyiUkrainianDynamo KyivA.F.C Bournemouth€24m
20%
Kamaldeen SulemanaGhanaRennes (France)Southampton€22m
20%
Frédéric GuilbertFrenchAston VillaStrasbourg (France)Free
13%
Harrison AshbyScottishWest Ham UnitedNewcastle United€3m
13%
Joao GomesBrazilianFlamengo (Brazil)Wolverhampton Wanderers€15m
13%
Nathan BroadheadWelshEvertonIpswich TownUndisclosed
13%
Paul OnuachuNigerianGenk (Belgium)SouthamptonUndisclosed
13%
Garang KuolAustralianCentral Coast Mariners (Australia)Newcastle United€300k
7%
James BreeEnglishLuton TownSouthamptonUndisclosed
7%
Jonjo ShelveyEnglishNewcastle UnitedNottingham ForestUndisclosed
7%
LuizaoBrazilianSao Paolo (Brazilian)Nottingham ForestFree
7%
Pierre EkwahFrenchWest Ham UnitedSunderlandUndisclosed
7%
Dan BentleyEnglishBristol CityWolverhampton WanderersUndisclosed
0%
Diogo MonteiroPortugueseServette (Switzerland)Leeds UnitedUndisclosed
0%
Indiana VassilevAmericanAston VillaSt. Louis City (U.S.A)Undisclosed
0%
Jake CainEnglishLiverpoolSwindon TownUndisclosed
0%
Jamie MullinsIrishBohemians (Republic of Ireland)Brighton & Hove AlbionFree
0%
Joe AndersonEnglishEvertonSunderlandUndisclosed
0%
Josh OnomahEnglishFulhamPreston North EndFree
0%
Jude Soonsup-BellEnglishChelseaTottenham HotspursUndisclosed
0%
Max DeanEnglishLeeds UnitedM.K DonsUndisclosed
0%
Naouirou AhamadaFrenchStuttgart (Germany)Crystal Palace€9.7m
0%
Nathaniel ChalobahEnglishFulhamWest Bromwich AlbionUndisclosed
0%
Nathan OpokuGhanaSyracruse University (U.S.A)Leicester CityUndisclosed
0%
Tyreik WrightIrishAston VillaPlymouth ArgyleUndisclosed
0%
Will GreenidgeEnglishWest Ham UnitedColchester UnitedUndisclosed
0%
Yasin AyariSwedishA.I.K (Sweden)Brighton & Hove Albion€3.5m
0%

Score Distribution

Percentile by Number Answered

Percent of People with Each Score

Your Score History

You have not taken this quiz